LEADER 01353nam 2200385 450 001 9910220117303321 005 20230807215417.0 010 $a0-8330-8935-8 035 $a(CKB)3710000000408511 035 $a(WaSeSS)IndRDA00124708 035 $a(EXLCZ)993710000000408511 100 $a20200619d2015 uy 0 101 0 $aeng 135 $aur||||||||||| 181 $ctxt$2rdacontent 182 $cc$2rdamedia 183 $acr$2rdacarrier 200 14$aThe impact of full practice authority for nurse practitioners and other advanced practice registered nurses in Ohio /$fGrant R. Martsolf, David I. Auerbach, Aziza Arifkhanova 210 1$aSanta Monica, California :$cRAND Corporation,$d2015. 215 $a1 online resource (37 pages) 320 $aIncludes bibliographical references. 606 $aMedical care, Cost of$zOhio 606 $aNurse practitioners$zOhio 615 0$aMedical care, Cost of 615 0$aNurse practitioners 676 $a338.43362109771 700 $aMartsolf$b Grant$01181978 702 $aAuerbach$b David I. 702 $aArifkhanova$b Aziza 801 0$bWaSeSS 801 1$bWaSeSS 906 $aBOOK 912 $a9910220117303321 996 $aThe impact of full practice authority for nurse practitioners and other advanced practice registered nurses in Ohio$92974929 997 $aUNINA